<?xml version="1.0" encoding="UTF-8"?>
<record
    xmlns:xsi="http://www.w3.org/2001/XMLSchema-instance"
    xsi:schemaLocation="http://www.loc.gov/MARC21/slim http://www.loc.gov/standards/marcxml/schema/MARC21slim.xsd"
    xmlns="http://www.loc.gov/MARC21/slim">

  <leader>03297nam a2200541Ia 4500</leader>
  <controlfield tag="001">1734</controlfield>
  <controlfield tag="008">241029s9999    xx            000 0 und d</controlfield>
  <datafield tag="010" ind1=" " ind2=" ">
    <subfield code="a">1621</subfield>
  </datafield>
  <datafield tag="041" ind1=" " ind2=" ">
    <subfield code="a">Espa&#xF1;ol</subfield>
  </datafield>
  <datafield tag="082" ind1=" " ind2=" ">
    <subfield code="a">ST MA-ASE 0006 FH 1995</subfield>
  </datafield>
  <datafield tag="245" ind1=" " ind2="0">
    <subfield code="a">Diagn&#xF3;stico de la supervisi&#xF3;n en cuatro (4) Centros de Educaci&#xF3;n Media de los Distritos Educativos 04-02 y 04-03 de San Crist&#xF3;bal.</subfield>
  </datafield>
  <datafield tag="260" ind1=" " ind2=" ">
    <subfield code="a">Santo Domingo</subfield>
  </datafield>
  <datafield tag="300" ind1=" " ind2=" ">
    <subfield code="a">93</subfield>
  </datafield>
  <datafield tag="520" ind1=" " ind2=" ">
    <subfield code="a">21</subfield>
  </datafield>
  <datafield tag="630" ind1=" " ind2=" ">
    <subfield code="a">Diagn&#xF3;stico</subfield>
  </datafield>
  <datafield tag="630" ind1=" " ind2=" ">
    <subfield code="a">Nivel Medio</subfield>
  </datafield>
  <datafield tag="630" ind1=" " ind2=" ">
    <subfield code="a">Supervisi&#xF3;n</subfield>
  </datafield>
  <datafield tag="650" ind1=" " ind2=" ">
    <subfield code="a">Calidad Educativa</subfield>
  </datafield>
  <datafield tag="690" ind1=" " ind2=" ">
    <subfield code="a">Elaborado</subfield>
  </datafield>
  <datafield tag="700" ind1=" " ind2=" ">
    <subfield code="e">asesor</subfield>
    <subfield code="a">Rodr&#xED;guez,  Teobaldo</subfield>
  </datafield>
  <datafield tag="700" ind1=" " ind2=" ">
    <subfield code="e">autor</subfield>
    <subfield code="a"> Pozo Linares, &#xC3;&#x161;rsula</subfield>
  </datafield>
  <datafield tag="901" ind1=" " ind2=" ">
    <subfield code="a">{"1":" Pozo Linares"}</subfield>
    <subfield code="b">{"1":"&#xC3;&#x161;rsula"}</subfield>
  </datafield>
  <datafield tag="902" ind1=" " ind2=" ">
    <subfield code="a">1</subfield>
  </datafield>
  <datafield tag="903" ind1=" " ind2=" ">
    <subfield code="a">{"1":"Rodr&#xED;guez"}</subfield>
    <subfield code="b">{"1":" Teobaldo"}</subfield>
  </datafield>
  <datafield tag="904" ind1=" " ind2=" ">
    <subfield code="a">Maestro en</subfield>
  </datafield>
  <datafield tag="905" ind1=" " ind2=" ">
    <subfield code="a">Administraci&#xF3;n de la Educaci&#xF3;n</subfield>
  </datafield>
  <datafield tag="906" ind1=" " ind2=" ">
    <subfield code="a">1</subfield>
  </datafield>
  <datafield tag="907" ind1=" " ind2=" ">
    <subfield code="a">Concentraci&#xF3;n en</subfield>
  </datafield>
  <datafield tag="908" ind1=" " ind2=" ">
    <subfield code="a">Supervisi&#xF3;n Educativa</subfield>
  </datafield>
  <datafield tag="909" ind1=" " ind2=" ">
    <subfield code="a">Universidad Aut&#xF3;noma de Santo Domingo (UASD)</subfield>
  </datafield>
  <datafield tag="910" ind1=" " ind2=" ">
    <subfield code="a">NULL</subfield>
    <subfield code="b">NULL</subfield>
  </datafield>
  <datafield tag="911" ind1=" " ind2=" ">
    <subfield code="a">["5"]</subfield>
  </datafield>
  <datafield tag="912" ind1=" " ind2=" ">
    <subfield code="a">Universidad de Montreal, Canad&#xE1;</subfield>
  </datafield>
  <datafield tag="913" ind1=" " ind2=" ">
    <subfield code="a">NULL</subfield>
  </datafield>
  <datafield tag="914" ind1=" " ind2=" ">
    <subfield code="a">09 de Enero de 1995</subfield>
  </datafield>
  <datafield tag="915" ind1=" " ind2=" ">
    <subfield code="a">30/11/19 01:11</subfield>
  </datafield>
  <datafield tag="916" ind1=" " ind2=" ">
    <subfield code="a">NULL</subfield>
  </datafield>
  <datafield tag="917" ind1=" " ind2=" ">
    <subfield code="a">NULL</subfield>
  </datafield>
  <datafield tag="918" ind1=" " ind2=" ">
    <subfield code="a">NO APLICA</subfield>
  </datafield>
  <datafield tag="919" ind1=" " ind2=" ">
    <subfield code="a">["217","240","187"]</subfield>
  </datafield>
  <datafield tag="520" ind1=" " ind2=" ">
    <subfield code="a">Los principales prop&#xF3;sitos del estudio consistieron en realizar un diagn&#xF3;stico de la supervisi&#xF3;n en cuatro (4) Escuelas de Educaci&#xF3;n Media de los Distritos Educativos 02 y 03 de San Crist&#xF3;bal y, presentar sugerencias y recomendaciones que ayuden a reducir los problemas fundamentales existentes en los Centros en cuesti&#xF3;n ocasionados por la falta de supervisi&#xF3;n.En esta investigaci&#xF3;n se combinaron el m&#xE9;todo descriptivo con el anal&#xED;tico y la s&#xED;ntesis. Para la obtenci&#xF3;n de los datos requeridos para el desarrollo de esta investigaci&#xF3;n se utilizaron las siguientes t&#xE9;cnicas: revisi&#xF3;n de formularios estad&#xED;sticos y cuestionarios. Se trabaj&#xF3; con el 28% de la poblaci&#xF3;n de maestros, la poblaci&#xF3;n completa de los directores y el 42% de la poblaci&#xF3;n de los supervisores adjuntos.Los an&#xE1;lisis realizados indican que la actividad supervisora se realiza de manera lenta y deficiente. Debido principalmente, a que el organismo central no proporciona a los supervisores, medios de transporte que les permita realizar sus actividades con m&#xE1;s efectividad, eficiencia y facilidad.Adem&#xE1;s, la programaci&#xF3;n del trabajo no es fruto de los maestros, directores y supervisores; en estos Liceos hay indicio de supervisi&#xF3;n moderna. Por otro lado, hay una gran necesidad de ayuda t&#xE9;cnica que le permita realizar el trabajo en forma m&#xE1;s efectiva.El estudio recomienda que es necesario que la SEEBAC provea a los supervisores de medios de transportes (carros o motores) y de una dieta adicional para cubrir los gastos de transporte. El estudio adem&#xE1;s, propone que al seleccionar a las personas que van a ocupar los cargos de supervisores y directores de Centros de Educaci&#xF3;n Media, se tome en cuenta el nivel acad&#xE9;mico. Se plantea que el enfoque de los supervisores sea hacia las necesidades extra&#xED;das del aula y el desempe&#xF1;o docente.&#xA0;</subfield>
  </datafield>
  <datafield tag="921" ind1=" " ind2=" ">
    <subfield code="a">16</subfield>
  </datafield>
  <datafield tag="922" ind1=" " ind2=" ">
    <subfield code="a">16</subfield>
  </datafield>
  <datafield tag="923" ind1=" " ind2=" ">
    <subfield code="a">0</subfield>
  </datafield>
  <datafield tag="924" ind1=" " ind2=" ">
    <subfield code="a">NO APLICA</subfield>
  </datafield>
  <datafield tag="942" ind1=" " ind2=" ">
    <subfield code="c">Tesis</subfield>
  </datafield>
  <datafield tag="999" ind1=" " ind2=" ">
    <subfield code="c">1621</subfield>
    <subfield code="d">1621</subfield>
  </datafield>
</record>
